000 00586nam a22002057a 4500
008 240702b mp ||||| |||| 00| 0 mon d
035 _a20577
040 _aZA2481090
_brus
_cMN-UlNLM
_dMN-UlNLM
_erda
041 _arus
042 _a49739
084 _2NNA
_a84/2орос/-44
_bД-39
100 _aДефо Д.
245 0 _aРобинзон крузо
264 _aМосква
_bДетская литература
_c1985
300 _a270х.
336 _2rdacontent
_atext
_btxt
337 _2rdamedia
_aunmediated
_bn
338 _2rdacarrier
_avolume
_bnc
942 _2NNA
_cBK
999 _c1088353
_d1088410